<?xml version="1.0" encoding="UTF-8"?>
<resp>
  <nextPage>https://data.bn.org.pl/api/networks/bibs.marcxml?marc=001+b00001150001526&amp;sinceId=1150001527</nextPage>
  <collection>
    <record xmlns='http://www.loc.gov/MARC21/slim'><leader>01227nam a2200385 i 4500</leader><controlfield tag='001'>b00001150001526</controlfield><controlfield tag='005'>20251018080247.8</controlfield><controlfield tag='008'>230609s        pl           |000 0 pol c</controlfield><controlfield tag='009'>9913261915305606</controlfield><datafield ind1=' ' ind2=' ' tag='020'><subfield code='a'>8389064766</subfield></datafield><datafield ind1=' ' ind2=' ' tag='035'><subfield code='a'>KR_1KR_1_20120317231913090264-48omnis_kr</subfield></datafield><datafield ind1=' ' ind2=' ' tag='035'><subfield code='a'>KR_1_20120317231913090264</subfield><subfield code='9'>ExL</subfield></datafield><datafield ind1=' ' ind2=' ' tag='035'><subfield code='a'>(PL)b00001150001526</subfield></datafield><datafield ind1=' ' ind2=' ' tag='040'><subfield code='a'>KR_1</subfield><subfield code='c'>KR_1</subfield></datafield><datafield ind1='1' ind2=' ' tag='041'><subfield code='a'>pol</subfield><subfield code='h'>eng</subfield></datafield><datafield ind1='1' ind2=' ' tag='100'><subfield code='a'>Mack, Tracy</subfield></datafield><datafield ind1='1' ind2='0' tag='245'><subfield code='a'>Lekcje rysunku /</subfield><subfield code='c'>Tracy Mack ; przekł. Violetta Dobosz, Kinga Rydzewska.</subfield></datafield><datafield ind1=' ' ind2=' ' tag='260'><subfield code='a'>Toruń :</subfield><subfield code='b'>&quot;C&amp;T&quot;,</subfield><subfield code='c'>2004.</subfield></datafield><datafield ind1=' ' ind2=' ' tag='300'><subfield code='a'>101 s. ;</subfield><subfield code='c'>21 cm</subfield></datafield><datafield ind1='1' ind2=' ' tag='490'><subfield code='a'>Nasze Ważne Sprawy</subfield></datafield><datafield ind1=' ' ind2=' ' tag='500'><subfield code='a'>d</subfield></datafield><datafield ind1=' ' ind2='9' tag='650'><subfield code='a'>Literatura młodzieżowa amerykańska</subfield></datafield><datafield ind1='1' ind2=' ' tag='700'><subfield code='a'>Rydzewska, Kinga</subfield><subfield code='e'>Tł.</subfield></datafield><datafield ind1='1' ind2=' ' tag='700'><subfield code='a'>Dobosz, Violetta</subfield><subfield code='e'>Tł.</subfield></datafield><datafield ind1=' ' ind2=' ' tag='852'><subfield code='b'>48OMNIS_NETWORK</subfield><subfield code='8'>9913261915305606</subfield></datafield><datafield ind1=' ' ind2=' ' tag='852'><subfield code='b'>48OMNIS_KR</subfield><subfield code='8'>991000015259708216</subfield></datafield><datafield ind1=' ' ind2=' ' tag='852'><subfield code='b'>48OMNIS_TL</subfield><subfield code='8'>991000110789608218</subfield></datafield><datafield ind1=' ' ind2=' ' tag='852'><subfield code='b'>48OMNIS_ZGI</subfield><subfield code='8'>991001094383707767</subfield></datafield><datafield ind1=' ' ind2=' ' tag='852'><subfield code='8'>2213694430008216</subfield><subfield code='j'>1</subfield><subfield code='b'>KR_7_1</subfield><subfield code='p'>KR_7_0005985</subfield><subfield code='c'>KR_7_1_1</subfield></datafield><datafield ind1=' ' ind2=' ' tag='852'><subfield code='8'>2225758380007767</subfield><subfield code='j'>1</subfield><subfield code='b'>ZGI_6_N</subfield><subfield code='p'>N-12448</subfield><subfield code='c'>N</subfield></datafield><datafield ind1=' ' ind2=' ' tag='920'><subfield code='a'>83-89064-76-6</subfield></datafield></record>
  </collection>
</resp>
